000
00220 a2200097 4500
001
58714
100
_a
245
_a
Ground Studies for Pilots ; Flight Planning
260
_a
UK
_b
Blackwell
_c
2002
090
_c
36036
_d
36036
942
_a
NUST-CAE
_c
_c
28932
999
_c
293787
_d
293787